000 01253nam1a22002651i 4500
001 RU\NLR\BIBL_A\012116216
005 20260408234951.0
035 _a(NLR Aleph) 012116216
090 _a11969111
_c11969111
100 _a20191010g18041806 y0rusy50 ca
101 1 _arus
_bfre
_cspa
102 _aRU
105 _aa z 000ay
200 1 _aДон Кишот Ла Манхский.
_fСочинение Серванта.
_gПереведено с французскаго Флорианова перевода. В. Жуковским
210 _aМосква
_cв типографии Платона Бекетова
_d1804-1806
215 _a6 т.
_d18° (15 см)
500 _aДон Кихот
_92631267
_3RU\NLR\AUTH\559243
700 1 _7ca
_8rus
_aСервантес Сааведра
_bМ. де
_f1547-1616
_gМигель де
_9118169
_3RU\NLR\AUTH\778257
702 1 _4730
_7ca
_8rus
_aЖуковский
_bВ. А.
_cпоэт
_f1783-1852
_gВасилий Андреевич
_9115493
_3RU\NLR\AUTH\775529
702 1 _4570
_7ca
_8rus
_aФлориан
_bЖ. П. К. де
_f1755-1794
_gЖан Пьер Клари де
_961482
_3RU\NLR\AUTH\7778554
852 _aNLR
_j18.259.7.8
852 _aNLR
_j+Шифры разные
942 _cBOOK
980 _aA1XIXv